<?xml version="1.0" encoding="UTF-8"?><?xml-stylesheet type="text/xsl" href="static/style.xsl"?><OAI-PMH xmlns="http://www.openarchives.org/OAI/2.0/" xmlns:xsi="http://www.w3.org/2001/XMLSchema-instance" xsi:schemaLocation="http://www.openarchives.org/OAI/2.0/ http://www.openarchives.org/OAI/2.0/OAI-PMH.xsd"><responseDate>2026-04-14T04:58:02Z</responseDate><request verb="GetRecord" identifier="oai:www.recercat.cat:2072/485447" metadataPrefix="marc">https://recercat.cat/oai/request</request><GetRecord><record><header><identifier>oai:recercat.cat:2072/485447</identifier><datestamp>2025-08-31T18:20:56Z</datestamp><setSpec>com_2072_98</setSpec><setSpec>col_2072_378192</setSpec></header><metadata><record xmlns="http://www.loc.gov/MARC21/slim" xmlns:dcterms="http://purl.org/dc/terms/" xmlns:xsi="http://www.w3.org/2001/XMLSchema-instance" xmlns:doc="http://www.lyncode.com/xoai" xsi:schemaLocation="http://www.loc.gov/MARC21/slim http://www.loc.gov/standards/marcxml/schema/MARC21slim.xsd">
   <leader>00925njm 22002777a 4500</leader>
   <datafield ind2=" " ind1=" " tag="042">
      <subfield code="a">dc</subfield>
   </datafield>
   <datafield ind2=" " ind1=" " tag="720">
      <subfield code="a">Lei, Yiming</subfield>
      <subfield code="e">author</subfield>
   </datafield>
   <datafield ind2=" " ind1=" " tag="720">
      <subfield code="a">Sala Román, Xavier</subfield>
      <subfield code="e">author</subfield>
   </datafield>
   <datafield ind2=" " ind1=" " tag="720">
      <subfield code="a">García-Antón, Jordi</subfield>
      <subfield code="e">author</subfield>
   </datafield>
   <datafield ind2=" " ind1=" " tag="720">
      <subfield code="a">Muñoz, Jose</subfield>
      <subfield code="e">author</subfield>
   </datafield>
   <datafield ind2=" " ind1=" " tag="260">
      <subfield code="c">2025</subfield>
   </datafield>
   <datafield ind2=" " ind1=" " tag="520">
      <subfield code="a">Altres ajuts: acords transformatius de la UAB</subfield>
   </datafield>
   <datafield ind2=" " ind1=" " tag="520">
      <subfield code="a">Methane (CH4) conversion is a promising strategy for reducing greenhouse gases, synthesizing high-value-added chemicals, and thus achieving carbon neutralization. However, due to its inertness, CH4 requires high energy input to initiate the conversion process, which always leads to excessive energy consumption and catalyst deactivation. Along these lines, the use of sunlight as energy input has demonstrated enormous potential to help overcome the uphill thermodynamics of methane conversion under mild reaction conditions. Nevertheless, the high recombination rate of photoinduced charge carriers still hampers photocatalytic efficiency. In the past years, ferroelectric photocatalysts have attracted much attention for dealing with sluggish charge separation/transfer dynamics, presenting themselves as excellent materials for enhancing photocatalytic CH4 conversion rates under mild conditions. Consequently, this work reviews and discusses four pivotal photocatalytic CH4 conversion routes, including (i) dry reforming of methane (DRM), (ii) partial oxidation of methane (POM), (iii) non-oxidative coupling of methane (NOCM), and (iv) oxidative coupling of methane (OCM). In particular, special attention has been paid to the recent advances in ferroelectric-assisted photocatalytic CH4 conversion to elucidate the influence of polarized ferroelectrics in the charge transfer mechanisms. Finally, the main challenges in the field are highlighted, also presenting possible strategies to overcome them in order to encourage more in-depth research on ferroelectric-assisted methane conversion in the future.</subfield>
   </datafield>
   <datafield ind1="8" ind2=" " tag="024">
      <subfield code="a">http://hdl.handle.net/2072/485447</subfield>
   </datafield>
   <datafield tag="653" ind2=" " ind1=" ">
      <subfield code="a">Ethylene</subfield>
   </datafield>
   <datafield tag="653" ind2=" " ind1=" ">
      <subfield code="a">Oxidation</subfield>
   </datafield>
   <datafield tag="653" ind2=" " ind1=" ">
      <subfield code="a">SDG 7 - Affordable and Clean Energy</subfield>
   </datafield>
   <datafield ind2="0" ind1="0" tag="245">
      <subfield code="a">A Review on Photocatalytic Methane Conversion Systems : From Fundamental Mechanisms to the Emerging Role of Ferroelectric Materials</subfield>
   </datafield>
</record></metadata></record></GetRecord></OAI-PMH>